Dievča z mierovej slávnosti

Bibliographic Details
Main Author: Andričík, Juraj, 1937-2017 (Author)
Format: Article
Language:Slovak
PhysicalDescription:Magazín VN, č. 4, s. 4.
Subjects:

MARC

LEADER 00000nab a2200000 a 4500
001 vtls000207766
003 SK-MaSNL
005 20260304014325.0
008 241209c1985 xo 0 slo
015 |a SNBRB19rr/mm-uuuuu 
035 |a CL0217879 
040 |a SNKBUCL  |b slo  |c SNKBUCL  |e AACR2 
041 0 |a slo 
044 |a xo  |c SK 
080 |a 885.4-1  |2 1981 
100 1 |a Andričík, Juraj,  |d 1937-2017  |4 aut  |9 171047 
245 1 0 |a Dievča z mierovej slávnosti  |c Andričík,Juraj 
300 |b Magazín VN, č. 4, s. 4. 
500 |a V rubrike Dúha. 
655 7 |a slovenská poézia  |2 snkbucl  |9 70444 
655 7 |a články z novín a časopisov  |2 snkbucl  |9 267496 
655 7 |a články z odboru literárna veda a krásna literatúra  |2 snkbucl  |9 770045 
700 1 |a Andričík, Juraj,  |d 1937-2017  |4 aut  |9 171047 
773 0 |t Východoslovenské noviny  |g Roč. 34, č. 21 (25. 1. 1985) 
850 |a Slovenská národná knižnica 
852 |a Slovenská národná knižnica 
958 |a RK 
958 |a LX 
992 |a RBX 
999 |c 2583521  |d 2585451